Hours of work : temporal factors in work--scheduling

Bibliographic Details
Main Authors: Folkard, Simon (Author), Monk, Timothy H. (Author)
Format: Book
Published: Chichester : John Wiley , 1985
Subjects:

MARC

LEADER 00000cam a2200000 7i4500
001 0000005119
005 20021118093000.0
008 021118n
020 |a 0471105244 
090 0 0 |a HD5106   |b .H68 
245 0 0 |a Hours of work :   |b temporal factors in work--scheduling   |c edited by Simon Folkard and Timothy H. Monk 
260 2 |a Chichester :   |b John Wiley ,   |c 1985 
300 |a 327 p. ; ;   |c 24 cm. 
504 |a Includes bibliographical references (p. 277) and index 
650 0 |a Fatigue, Mental 
650 0 |a Hours of labour 
650 0 |a Shift system 
700 0 |a Folkard, Simon ,   |e author 
700 0 |a Monk, Timothy H. ,   |e author 
999 |a 1000011825   |b Book   |c OPEN SHELF (30 DAYS)   |e Gong Badak Campus